İZMİR İLÇELERİ - Statistics

General Stats
  • This quiz has been taken 128 times
  • The average score is 18 of 30
Answer Stats
Answer % Correct
Çeşme
89%
Karşıyaka
83%
Konak
83%
Bornova
77%
Buca
75%
Aliağa
68%
Bayraklı
67%
Gaziemir
65%
Menemen
65%
Çiğli
64%
Bergama
63%
Torbalı
61%
Foça
60%
Urla
60%
Güzelbahçe
59%
Karabağlar
59%
Kiraz
59%
Selçuk
57%
Dikili
53%
Narlıdere
53%
Ödemiş
53%
Seferihisar
52%
Balçova
51%
Kemalpaşa
51%
Karaburun
49%
Menderes
48%
Tire
47%
Bayındır
41%
Beydağ
41%
Kınık
33%
No matching quizzes found
Score Distribution
Percent of People with Each Score
Percentile by Number Answered
Your Score History
You have not taken this quiz